Grönland A-Z - Statistiken

Allgemein
  • Dieses Quiz wurde 42 mal gespielt
  • Das Durchschnittsergebnis liegt bei 12 aus 26
Antwortstatistiken
Hinweis Antwort % Korrekt
D Ehemalige Kolonialmacht Dänemark
93%
K Währung Dänische {Krone}
93%
F Wichtigstes Exportgut Fisch
79%
J Nationalfeiertag 2009 erhielt Grönland an diesem Tag weitergehende Autonomierechte 21. {Juni}
71%
E Erster Europäer der auf Grönland eine Siedlung gründete {Erik} der Rote
71%
N Hauptstadt Nuuk
71%
C Durch Missionare der Herrnhuter Brüdergemeine verbreitete sich diese Religion auf Grönland Christentum
69%
O In Nordgrönland heimischer Ziegenartiger Moschus{ochse}
69%
I #E wurde zuvor aus diesem Land ausgestoßen Island
67%
M Königin Margrethe II
64%
V Das gesamte Inland Grönlands ist ____________ Vergletschert
60%
Z Ehemals bedeutendes Bergbauprodukt Zink
55%
L Kanadische Halbinsel südwestlich von Grönland Labrador
52%
W Wichtiger Wirtschaftszweig des kolonialen Grönlands Walfang
48%
P Schwarzeißer Vogel mit markantem orangenem/ grauviolettem Schnabel Papageientaucher
45%
R Wichtige Quelle grönländischen Elfenbeins Wal{ross}
43%
H "Apostel der Grönländer" {Hans} Egede
24%
B Meeresbucht westlich von Grönland {Baffin}-Bucht
21%
A Altnordischer Name von Grönland Enthält ein Æ Startet mit G Grænland
19%
G Dänischer Name der Hauptstadt Godthåb
12%
Y Schlucht unter dem grönländischen Eisschild Benannt nach einer Schlucht in den USA Enthält ein Y {Grand Canyon} von Grönland
12%
T Inuitkultur die ab ca. 1200 die grönlandische West-, Nord- und Ostküste besiedelte Zuvor hatten Inuit nur die nördlichen Gebiete bewohnt/ bejagt {Thule}kultur
12%
S Zweitgrößte Stadt Sisimiut
10%
Q Viertgrößte Stadt Qaqortoq
7%
X Westlichster Punkt Enthält ein X Kap {Alexander}
5%
U Fährenverbindung (Lebenslinie) in Westgrönland Arctic {Umiaq} Line
2%
Keine übereinstimmenden Quizze gefunden
Verteilung der Resultate
Anzahl Personen mit jedem Resultat
Perzentil nach korrekt beantworteten Fragen
Ihre Resultats-Entwicklung
Sie haben dieses Quiz noch nicht gespielt